000
00310nam a22001337a 4500
008
171108b xxu||||| |||| 00| 0 eng d
020
_a
9780324019148
041
_a
eng
080
_2
2ND
_a
330.322
100
_a
64
101
_a
INV
245
_a
PRACTICAL INVESTMENT MANAGEMENT
_c
STRONG,R.A
942
_2
udc
_c
BK
999
_c
38227
_d
38227